<?xml version="1.0" encoding="UTF-8"?>
<record
    xmlns:xsi="http://www.w3.org/2001/XMLSchema-instance"
    xsi:schemaLocation="http://www.loc.gov/MARC21/slim http://www.loc.gov/standards/marcxml/schema/MARC21slim.xsd"
    xmlns="http://www.loc.gov/MARC21/slim">

  <leader>02933ngm a2200433   4500</leader>
  <controlfield tag="003">dpl</controlfield>
  <controlfield tag="005">20100313102949.0</controlfield>
  <controlfield tag="007">DVD</controlfield>
  <controlfield tag="008">||||||sp199   xxu|||||c |||  00| 0 ng d </controlfield>
  <datafield tag="010" ind1=" " ind2=" ">
    <subfield code="a">DVD-006498-6506</subfield>
  </datafield>
  <datafield tag="024" ind1=" " ind2=" ">
    <subfield code="c">99.00</subfield>
  </datafield>
  <datafield tag="035" ind1=" " ind2=" ">
    <subfield code="a">DVD-006498-6506</subfield>
  </datafield>
  <datafield tag="040" ind1=" " ind2=" ">
    <subfield code="a">DPL</subfield>
    <subfield code="c">DPL</subfield>
  </datafield>
  <datafield tag="082" ind1=" " ind2=" ">
    <subfield code="a">DVD TRAI</subfield>
  </datafield>
  <datafield tag="245" ind1=" " ind2=" ">
    <subfield code="a">Train To Pakistan</subfield>
    <subfield code="c">Pamela Books Presents</subfield>
    <subfield code="h">[videorecording] DVD/</subfield>
  </datafield>
  <datafield tag="260" ind1=" " ind2=" ">
    <subfield code="b">Eagle Home Entertainment</subfield>
  </datafield>
  <datafield tag="300" ind1=" " ind2=" ">
    <subfield code="a">1 videodisc DVD;</subfield>
    <subfield code="b">sd., col. ;</subfield>
    <subfield code="c">4 3/4 in.</subfield>
    <subfield code="f">DVD</subfield>
  </datafield>
  <datafield tag="440" ind1=" " ind2=" ">
    <subfield code="a">Eagle Video Home Entertainment</subfield>
  </datafield>
  <datafield tag="500" ind1=" " ind2=" ">
    <subfield code="a">Based on the Novel By Khushwant Singh</subfield>
  </datafield>
  <datafield tag="500" ind1=" " ind2=" ">
    <subfield code="a">1947 A Country is Divided....A Ghost Train The Last Link</subfield>
  </datafield>
  <datafield tag="500" ind1=" " ind2=" ">
    <subfield code="a">Nomination: Best Film of the Year 1999</subfield>
  </datafield>
  <datafield tag="538" ind1=" " ind2=" ">
    <subfield code="a">Dolby Digital 5.1 - Hindi Subtitles: English</subfield>
  </datafield>
  <datafield tag="650" ind1=" " ind2=" ">
    <subfield code="a">Motion Picture</subfield>
  </datafield>
  <datafield tag="700" ind1=" " ind2=" ">
    <subfield code="a">Rooks, Pamela</subfield>
  </datafield>
  <datafield tag="700" ind1=" " ind2=" ">
    <subfield code="a">Pandey, Nirmal.</subfield>
  </datafield>
  <datafield tag="700" ind1=" " ind2=" ">
    <subfield code="a">Kapor, Rajat</subfield>
  </datafield>
  <datafield tag="700" ind1=" " ind2=" ">
    <subfield code="a">Dutta, Divya</subfield>
  </datafield>
  <datafield tag="942" ind1=" " ind2=" ">
    <subfield code="c">CF</subfield>
    <subfield code="2">ddc</subfield>
    <subfield code="h">DVD</subfield>
    <subfield code="m">TRAI</subfield>
  </datafield>
  <datafield tag="999" ind1=" " ind2=" ">
    <subfield code="c">34632</subfield>
    <subfield code="d">34632</subfield>
  </datafield>
  <datafield tag="952" ind1=" " ind2=" ">
    <subfield code="0">0</subfield>
    <subfield code="1">0</subfield>
    <subfield code="2">ddc</subfield>
    <subfield code="4">0</subfield>
    <subfield code="7">0</subfield>
    <subfield code="a">L</subfield>
    <subfield code="b">L</subfield>
    <subfield code="d">2010-03-13</subfield>
    <subfield code="e">Pioneers/1099/25-12-09/325/13-10-09 /30-12-09 </subfield>
    <subfield code="g">99.00</subfield>
    <subfield code="l">36</subfield>
    <subfield code="o">DVD TRAI</subfield>
    <subfield code="p">DVD-006498</subfield>
    <subfield code="r">2017-06-05 00:00:00</subfield>
    <subfield code="s">2017-05-24</subfield>
    <subfield code="t">1</subfield>
    <subfield code="v">99.00</subfield>
    <subfield code="w">2010-03-13</subfield>
    <subfield code="y">CF</subfield>
  </datafield>
  <datafield tag="952" ind1=" " ind2=" ">
    <subfield code="0">0</subfield>
    <subfield code="1">0</subfield>
    <subfield code="2">ddc</subfield>
    <subfield code="4">0</subfield>
    <subfield code="7">0</subfield>
    <subfield code="a">BL1</subfield>
    <subfield code="b">BL1</subfield>
    <subfield code="d">2010-03-13</subfield>
    <subfield code="e">Pioneers/1099/25-12-09/325/13-10-09 /30-12-09 </subfield>
    <subfield code="g">99.00</subfield>
    <subfield code="l">35</subfield>
    <subfield code="m">1</subfield>
    <subfield code="o">DVD TRAI</subfield>
    <subfield code="p">DVD-006499</subfield>
    <subfield code="r">2015-10-19 00:00:00</subfield>
    <subfield code="s">2015-10-03</subfield>
    <subfield code="t">1</subfield>
    <subfield code="v">99.00</subfield>
    <subfield code="w">2010-03-13</subfield>
    <subfield code="y">CF</subfield>
  </datafield>
  <datafield tag="952" ind1=" " ind2=" ">
    <subfield code="0">0</subfield>
    <subfield code="1">0</subfield>
    <subfield code="2">ddc</subfield>
    <subfield code="4">0</subfield>
    <subfield code="7">0</subfield>
    <subfield code="a">JP</subfield>
    <subfield code="b">JP</subfield>
    <subfield code="d">2010-03-13</subfield>
    <subfield code="e">Pioneers/1099/25-12-09/325/13-10-09 /30-12-09 </subfield>
    <subfield code="g">99.00</subfield>
    <subfield code="l">39</subfield>
    <subfield code="m">7</subfield>
    <subfield code="o">DVD TRAI</subfield>
    <subfield code="p">DVD-006500</subfield>
    <subfield code="r">2013-12-31 00:00:00</subfield>
    <subfield code="s">2013-12-18</subfield>
    <subfield code="t">1</subfield>
    <subfield code="v">99.00</subfield>
    <subfield code="w">2010-03-13</subfield>
    <subfield code="y">CF</subfield>
  </datafield>
  <datafield tag="952" ind1=" " ind2=" ">
    <subfield code="0">0</subfield>
    <subfield code="1">0</subfield>
    <subfield code="2">ddc</subfield>
    <subfield code="4">0</subfield>
    <subfield code="7">0</subfield>
    <subfield code="a">ZLS</subfield>
    <subfield code="b">ZLS</subfield>
    <subfield code="d">2010-03-13</subfield>
    <subfield code="e">Pioneers/1099/25-12-09/325/13-10-09 /30-12-09 </subfield>
    <subfield code="g">99.00</subfield>
    <subfield code="l">51</subfield>
    <subfield code="m">3</subfield>
    <subfield code="o">DVD TRAI</subfield>
    <subfield code="p">DVD-006501</subfield>
    <subfield code="r">2017-05-13 00:00:00</subfield>
    <subfield code="s">2017-04-29</subfield>
    <subfield code="t">1</subfield>
    <subfield code="v">99.00</subfield>
    <subfield code="w">2010-03-13</subfield>
    <subfield code="y">CF</subfield>
  </datafield>
  <datafield tag="952" ind1=" " ind2=" ">
    <subfield code="0">0</subfield>
    <subfield code="1">0</subfield>
    <subfield code="2">ddc</subfield>
    <subfield code="4">0</subfield>
    <subfield code="7">0</subfield>
    <subfield code="a">RKP</subfield>
    <subfield code="b">RKP</subfield>
    <subfield code="d">2010-03-13</subfield>
    <subfield code="e">Pioneers/1099/25-12-09/325/13-10-09 /30-12-09 </subfield>
    <subfield code="g">99.00</subfield>
    <subfield code="l">10</subfield>
    <subfield code="m">1</subfield>
    <subfield code="o">DVD TRAI</subfield>
    <subfield code="p">DVD-006502</subfield>
    <subfield code="r">2016-07-19 00:00:00</subfield>
    <subfield code="s">2016-07-18</subfield>
    <subfield code="t">1</subfield>
    <subfield code="v">99.00</subfield>
    <subfield code="w">2010-03-13</subfield>
    <subfield code="y">CF</subfield>
  </datafield>
  <datafield tag="952" ind1=" " ind2=" ">
    <subfield code="0">0</subfield>
    <subfield code="1">0</subfield>
    <subfield code="2">ddc</subfield>
    <subfield code="4">0</subfield>
    <subfield code="7">0</subfield>
    <subfield code="a">VP</subfield>
    <subfield code="b">VP</subfield>
    <subfield code="d">2010-03-13</subfield>
    <subfield code="e">Pioneers/1099/25-12-09/325/13-10-09 /30-12-09 </subfield>
    <subfield code="g">99.00</subfield>
    <subfield code="l">20</subfield>
    <subfield code="m">1</subfield>
    <subfield code="o">DVD TRAI</subfield>
    <subfield code="p">DVD-006503</subfield>
    <subfield code="r">2015-01-27 00:00:00</subfield>
    <subfield code="s">2015-01-12</subfield>
    <subfield code="t">1</subfield>
    <subfield code="v">99.00</subfield>
    <subfield code="w">2010-03-13</subfield>
    <subfield code="y">CF</subfield>
  </datafield>
  <datafield tag="952" ind1=" " ind2=" ">
    <subfield code="0">0</subfield>
    <subfield code="1">0</subfield>
    <subfield code="2">ddc</subfield>
    <subfield code="4">0</subfield>
    <subfield code="7">0</subfield>
    <subfield code="a">BL3</subfield>
    <subfield code="b">BL3</subfield>
    <subfield code="d">2010-03-13</subfield>
    <subfield code="e">Pioneers/1099/25-12-09/325/13-10-09 /30-12-09 </subfield>
    <subfield code="g">99.00</subfield>
    <subfield code="l">34</subfield>
    <subfield code="o">DVD TRAI</subfield>
    <subfield code="p">DVD-006504</subfield>
    <subfield code="r">2016-03-05 00:00:00</subfield>
    <subfield code="s">2016-02-27</subfield>
    <subfield code="t">1</subfield>
    <subfield code="v">99.00</subfield>
    <subfield code="w">2010-03-13</subfield>
    <subfield code="y">CF</subfield>
  </datafield>
  <datafield tag="952" ind1=" " ind2=" ">
    <subfield code="0">0</subfield>
    <subfield code="1">0</subfield>
    <subfield code="2">ddc</subfield>
    <subfield code="4">0</subfield>
    <subfield code="7">0</subfield>
    <subfield code="a">NR</subfield>
    <subfield code="b">NR</subfield>
    <subfield code="d">2010-03-13</subfield>
    <subfield code="e">Pioneers/1099/25-12-09/325/13-10-09 /30-12-09 </subfield>
    <subfield code="g">99.00</subfield>
    <subfield code="l">2</subfield>
    <subfield code="o">DVD TRAI</subfield>
    <subfield code="p">DVD-006505</subfield>
    <subfield code="r">2010-08-04 00:00:00</subfield>
    <subfield code="s">2010-07-18</subfield>
    <subfield code="t">1</subfield>
    <subfield code="v">99.00</subfield>
    <subfield code="w">2010-03-13</subfield>
    <subfield code="y">CF</subfield>
  </datafield>
  <datafield tag="952" ind1=" " ind2=" ">
    <subfield code="0">0</subfield>
    <subfield code="1">0</subfield>
    <subfield code="2">ddc</subfield>
    <subfield code="4">0</subfield>
    <subfield code="7">0</subfield>
    <subfield code="a">BL4</subfield>
    <subfield code="b">BL4</subfield>
    <subfield code="d">2010-03-13</subfield>
    <subfield code="e">Pioneers/1099/25-12-09/325/13-10-09 /30-12-09 </subfield>
    <subfield code="g">99.00</subfield>
    <subfield code="l">0</subfield>
    <subfield code="o">DVD TRAI</subfield>
    <subfield code="p">DVD-006506</subfield>
    <subfield code="r">2010-03-13 00:00:00</subfield>
    <subfield code="t">1</subfield>
    <subfield code="v">99.00</subfield>
    <subfield code="w">2010-03-13</subfield>
    <subfield code="y">CF</subfield>
  </datafield>
</record>
